01446naa a22003377a 4500001001000000003000900010005001700019007000300036008003400039040005400073041000900127072003100136090001800167100001600185100002100201245012100222260003700343500020100380650002000581650001300601650001500614650001000629650001800639650002500657650001000682773019800692909003600890942001400926999001900940952014900959BR7310861BR-BrBNA20240918173527.0ta230509b bl.||||| |||| 00| 0 por d aBR-BrBNAbporcBiblioteca Nacional de Agricultura a(Pt) aF00; F25b1440b3820bG514 aF00 BR73108611 aPaiva, J.B.1 aPinho, J.L.N. de1 aAdubacao nitrogenada em feijao de corda, Vigna sinensis (L.)Savi, visando a producao de vagem madura [Ceara, Brasil]3 aFortaleza, CE (Brasil): c1973.  aConvenio SUDENE/UFC/SUDEC e UFC/BNDE-FUNDEPRO - 64 para melhoramento e experimentacao com culturas alimentares. Relatorio de Pesquisa 1973 Fortaleza, CE (Brasil): 1973. p. 28-31 (BR7310861-AM)F00  aFEIJAO DE CORDA aADUBACAO aNITROGENIO aVAGEM aPRODUTIVIDADE aMELHORAMENTO VEGETAL aCEARA0 tConvenio SUDENE/UFC/SUDEC e UFC/BNDE-FUNDEPRO - 64 para melhoramento e experimentacao com culturas alimentares. Relatorio de Pesquisa 1973wF00 BR7310861gFortaleza, CE (Brasil), 1973. p. 28-31 a202404bLuciac55dLucia Elande cAM2AGRIS c305177d305177 002AGRIS40708Acervo Gerala41918b41918cAgrobasel0o1440 BR7310855r2024-05-20t01yAM10d2024-04-11ePortaria Interministerial nÂș 164/94